| 000 | 00657nam a2200205 a 4500 | ||
|---|---|---|---|
| 005 | 20140310183455.0 | ||
| 008 | 090804s19uu xx 00 eng d | ||
| 020 | _a978422104279 | ||
| 050 |
_aHD 45 _b.C468 2006 |
||
| 100 | _aChesbrough, Henry | ||
| 245 |
_aOpen business models : _bhow to thrive in the new innovation landscape / _cHenry Chesbrough |
||
| 260 |
_aBoston, MA : _bHarvard Business School Press, _c2006. |
||
| 300 |
_a256 p. : _bill. ; _c24 cm. |
||
| 500 | _aInclude index | ||
| 521 | _aBSBA | ||
| 650 |
_aTechnological innovations _xManagement. |
||
| 650 |
_aResearch, Industrial _xManagement. |
||
| 942 |
_cBK _2lcc _kFOR |
||
| 999 |
_c23559 _d23559 |
||